The Indian economy : poverty and development (Record no. 436647)

000 -LEADER
fixed length control field 00403cam a22001337a 4500
008 - FIXED-LENGTH DATA ELEMENTS--GENERAL INFORMATION
fixed length control field 180718b1978 xxu||||| |||| 00| 0 eng d
082 ## - DEWEY DECIMAL CLASSIFICATION NUMBER
Classification number T19x54 C393i
100 ## - MAIN ENTRY--PERSONAL NAME
Personal name Chaudhri, Pramit
245 ## - TITLE STATEMENT
Title The Indian economy : poverty and development
Statement of responsibility, etc. by Pramit Chaudhri
260 ## - PUBLICATION, DISTRIBUTION, ETC.
Place of publication, distribution, etc. Delhi
Name of publisher, distributor, etc. Vikas
Date of publication, distribution, etc. 1978
300 ## - PHYSICAL DESCRIPTION
Extent ix,279p.
650 ## - SUBJECT ADDED ENTRY--TOPICAL TERM
Topical term or geographic name entry element India --Economic conditions --1947
650 ## - SUBJECT ADDED ENTRY--TOPICAL TERM
Topical term or geographic name entry element India --Economic policy
Holdings
Withdrawn status Lost status Damaged status Not for loan Permanent Location Current Location Date acquired Full call number Barcode Date last seen Price effective from Koha item type
        Indian Institute of Public Administration Indian Institute of Public Administration 2010-03-09 T19x54 C393i 57417 2018-07-21 2018-07-21 Book
        Indian Institute of Public Administration Indian Institute of Public Administration 2010-03-09 T19x54 C393i 57416 2018-07-21 2018-07-21 Book
        Indian Institute of Public Administration Indian Institute of Public Administration 2010-03-09 T19x54 C393i 57415 2018-07-21 2018-07-21 Book
        Indian Institute of Public Administration Indian Institute of Public Administration 2010-03-09 T19x54 C393i 56522 2018-07-21 2018-07-21 Book
        Indian Institute of Public Administration Indian Institute of Public Administration 2010-03-09 T19x54 C393i 56521 2018-07-21 2018-07-21 Book
        Indian Institute of Public Administration Indian Institute of Public Administration 2010-03-09 T19x54 C393i 56520 2018-07-21 2018-07-21 Book
        Indian Institute of Public Administration Indian Institute of Public Administration 2010-03-09 T19x54 C393i 53331 2018-07-21 2018-07-21 Book

Powered by Koha